| 000 | 00601cam a2200217 a 4500 | ||
|---|---|---|---|
| 999 |
_c3011 _d3011 |
||
| 001 | 6676 | ||
| 003 | BD-DhUAP | ||
| 005 | 20200301115135.0 | ||
| 008 | 960808s1997 nyua b 001 0 eng | ||
| 020 | _a0070657564 | ||
| 040 |
_aBD-DhUAP _bEng _cBD-DhUAP _dBD-DhUAP |
||
| 082 | 0 | 0 |
_223 _a621.815 ULL |
| 100 | 1 | _aUllman, David G. | |
| 245 | 1 | 4 |
_aThe mechanical design process / _cDavid G. Ullman. |
| 250 | _a2nd ed. | ||
| 260 |
_aNew York : _bMcGraw-Hill, _cc1997. |
||
| 300 |
_axvii, 340 pages : _billustrations ; _c24 cm. |
||
| 500 | _aIncludes index. | ||
| 650 | 0 | _aMachine design. | |
| 942 |
_2ddc _cBK |
||